[Event "ODJM A 2022"]
[Site "Willingen GER"]
[Date "2022.06.05"]
[Round "2"]
[White "Gallasch, Jonas"]
[Black "François, Yannick"]
[Result "1/2-1/2"]
[Termination "normal"]
[Board "10"]
[WhiteElo "2060"]
[BlackElo "1867"]
[WhiteClock "00:37:17"]
[BlackClock "00:46:20"]
[PlyCount "64"]
[WhiteFideId "16222474"]
[BlackFideId "16200918"]
[EventCountry "GER"]
[EventRounds "9"]
[EventType "swiss"]
[EventDate "2022.06.04"]

1. d4 {[%clk 1:30:56]} Nf6 {[%clk 1:30:47]} 2. c4 {[%clk 1:31:18]} e6 {[%clk
1:30:40]} 3. Nc3 {[%clk 1:31:08]} d5 {[%clk 1:30:33]} 4. cxd5 {[%clk 1:31:29]}
exd5 {[%clk 1:30:55]} 5. Bg5 {[%clk 1:31:53]} Be7 {[%clk 1:30:25]} 6. e3 {[%clk
1:32:06]} O-O {[%clk 1:30:13]} 7. Bd3 {[%clk 1:32:21]} c6 {[%clk 1:29:30]} 8.
Qc2 {[%clk 1:32:22]} h6 {[%clk 1:28:52]} 9. Bh4 {[%clk 1:32:10]} Re8 {[%clk
1:27:19]} 10. Nge2 {[%clk 1:31:47]} Nbd7 {[%clk 1:23:49]} 11. O-O {[%clk
1:30:26]} Nf8 {[%clk 1:24:06]} 12. Rae1 {[%clk 1:25:19]} Bd7 {[%clk 1:21:16]}
13. Nc1 {[%clk 1:21:04]} Rc8 {[%clk 1:19:35]} 14. Nb3 {[%clk 1:20:36]} Qc7
{[%clk 1:18:26]} 15. Nc5 {[%clk 1:16:47]} Ne6 {[%clk 1:13:36]} 16. Bg3 {[%clk
1:15:44]} Bd6 {[%clk 1:09:44]} 17. Bxd6 {[%clk 1:14:36]} Qxd6 {[%clk 1:10:03]}
18. Nxb7 {[%clk 1:14:04]} Qc7 {[%clk 1:10:15]} 19. Nc5 {[%clk 1:14:05]} Nxc5
{[%clk 1:08:43]} 20. dxc5 {[%clk 1:14:29]} Ng4 {[%clk 1:08:28]} 21. g3 {[%clk
1:14:16]} Ne5 {[%clk 1:08:06]} 22. f4 {[%clk 1:11:54]} Nxd3 {[%clk 1:04:22]}
23. Qxd3 {[%clk 1:12:08]} Qa5 {[%clk 1:04:48]} 24. a3 {[%clk 0:57:45]} Qxc5
{[%clk 1:04:28]} 25. b4 {[%clk 0:58:06]} Qe7 {[%clk 1:00:10]} 26. Na4 {[%clk
0:56:45]} a5 {[%clk 0:59:38]} 27. Nc5 {[%clk 0:54:26]} axb4 {[%clk 0:59:25]}
28. axb4 {[%clk 0:54:48]} Rb8 {[%clk 0:58:20]} 29. Qc3 {[%clk 0:52:27]} Bf5
{[%clk 0:55:37]} 30. Rf2 {[%clk 0:48:43]} Rb5 {[%clk 0:54:00]} 31. Rd2 {[%clk
0:37:19]} Reb8 {[%clk 0:52:54]} 32. Rd4 {[%clk 0:37:17]} h5 {[%clk 0:46:20]}
1/2-1/2

[Event "ODJM A 2022"]
[Site "Willingen GER"]
[Date "2022.06.05"]
[Round "2"]
[White "Bartelt, Max Peter"]
[Black "Zha, Kevin"]
[Result "0-1"]
[Termination "normal"]
[Board "11"]
[WhiteElo "1959"]
[BlackElo "1835"]
[WhiteClock "00:23:05"]
[BlackClock "00:10:28"]
[PlyCount "80"]
[WhiteFideId "12967289"]
[BlackFideId "16208951"]
[EventCountry "GER"]
[EventRounds "9"]
[EventType "swiss"]
[EventDate "2022.06.04"]

1. d4 {[%clk 1:30:57]} b6 {[%clk 1:30:56]} 2. Bg5 {[%clk 1:30:51]} Bb7 {[%clk
1:30:50]} 3. Nc3 {[%clk 1:30:48]} d6 {[%clk 1:30:07]} 4. Qd2 {[%clk 1:30:38]}
g6 {[%clk 1:30:01]} 5. f3 {[%clk 1:30:31]} Bg7 {[%clk 1:29:58]} 6. e4 {[%clk
1:30:35]} Nd7 {[%clk 1:30:14]} 7. Bc4 {[%clk 1:30:40]} a6 {[%clk 1:25:40]} 8.
O-O-O {[%clk 1:17:50]} b5 {[%clk 1:23:23]} 9. Bb3 {[%clk 1:17:19]} Rc8 {[%clk
1:21:33]} 10. Nge2 {[%clk 1:07:32]} c5 {[%clk 1:14:58]} 11. dxc5 {[%clk
1:07:22]} Nxc5 {[%clk 1:15:19]} 12. Bd5 {[%clk 1:06:07]} b4 {[%clk 1:11:31]}
13. Nb1 {[%clk 1:00:24]} Bxd5 {[%clk 1:10:15]} 14. Qxd5 {[%clk 0:59:39]} Nf6
{[%clk 0:59:31]} 15. Bxf6 {[%clk 0:57:54]} Bxf6 {[%clk 0:59:34]} 16. c3 {[%clk
0:54:33]} Na4 {[%clk 0:40:08]} 17. Qb3 {[%clk 0:51:26]} Qa5 {[%clk 0:35:04]}
18. Rd5 {[%clk 0:47:44]} Nc5 {[%clk 0:33:58]} 19. Qc4 {[%clk 0:45:45]} O-O
{[%clk 0:24:39]} 20. Kd2 bxc3+ {[%clk 0:22:03]} 21. Nbxc3 {[%clk 0:43:34]} Qb6
{[%clk 0:21:54]} 22. Kc2 {[%clk 0:39:13]} Ne6 {[%clk 0:18:20]} 23. Qa4 {[%clk
0:32:54]} Qf2 {[%clk 0:16:26]} 24. Rd2 {[%clk 0:31:14]} Qxg2 25. Rhd1 {[%clk
0:22:56]} Qxf3 {[%clk 0:13:41]} 26. Qxa6 {[%clk 0:23:15]} Nc5 {[%clk 0:13:17]}
27. Qc4 {[%clk 0:21:58]} Nxe4 {[%clk 0:13:16]} 28. Qd3 {[%clk 0:22:23]} Qxd3+
{[%clk 0:13:23]} 29. Rxd3 {[%clk 0:22:47]} Nf2 {[%clk 0:13:43]} 30. Rf1 {[%clk
0:22:53]} Nxd3 {[%clk 0:14:06]} 31. Kxd3 {[%clk 0:23:20]} Rb8 {[%clk 0:12:36]}
32. b3 {[%clk 0:23:42]} Kg7 {[%clk 0:12:36]} 33. Nd5 {[%clk 0:24:04]} Bg5
{[%clk 0:12:27]} 34. Nd4 {[%clk 0:24:05]} e6 {[%clk 0:11:21]} 35. Nc7 {[%clk
0:24:30]} Rfc8 {[%clk 0:11:02]} 36. Ncb5 {[%clk 0:22:54]} e5 {[%clk 0:09:35]}
37. Nxd6 {[%clk 0:23:02]} Rd8 {[%clk 0:09:52]} 38. Ke4 {[%clk 0:22:18]} Rxd6
{[%clk 0:09:55]} 39. Kxe5 {[%clk 0:22:43]} Ra6 {[%clk 0:10:06]} 40. a4 {[%clk
0:23:05]} Bf6+ {[%clk 0:10:28]} 0-1

[Event "ODJM A 2022"]
[Site "Willingen GER"]
[Date "2022.06.05"]
[Round "2"]
[White "Garbuz, Nicole"]
[Black "Gerlach, Felix"]
[Result "0-1"]
[Termination "normal"]
[Board "13"]
[WhiteElo "1824"]
[BlackElo "2072"]
[WhiteClock "00:15:25"]
[BlackClock "00:31:43"]
[PlyCount "34"]
[WhiteFideId "12990701"]
[BlackFideId "12957690"]
[EventCountry "GER"]
[EventRounds "9"]
[EventType "swiss"]
[EventDate "2022.06.04"]

1. e4 {[%clk 1:30:58]} e5 {[%clk 1:30:57]} 2. Nf3 {[%clk 1:31:24]} Nc6 {[%clk
1:31:23]} 3. Bc4 {[%clk 1:31:49]} Bc5 {[%clk 1:31:50]} 4. c3 {[%clk 1:32:09]}
Nf6 {[%clk 1:32:01]} 5. d3 {[%clk 1:31:55]} d6 {[%clk 1:32:10]} 6. Bb3 {[%clk
1:31:33]} a6 {[%clk 1:31:11]} 7. Nbd2 {[%clk 1:31:17]} h6 {[%clk 1:30:26]} 8.
O-O {[%clk 1:31:32]} Ba7 {[%clk 1:30:35]} 9. h3 {[%clk 1:30:15]} g5 {[%clk
1:29:45]} 10. Nc4 {[%clk 1:10:51]} g4 {[%clk 1:18:39]} 11. hxg4 {[%clk
1:11:14]} Bxg4 {[%clk 1:07:50]} 12. Ne3 {[%clk 1:06:07]} Bh5 {[%clk 1:05:15]}
13. Nf5 {[%clk 1:05:13]} Rh7 {[%clk 0:41:45]} 14. Bxh6 {[%clk 0:56:45]} Kd7
{[%clk 0:39:14]} 15. Re1 {[%clk 0:20:49]} Qh8 {[%clk 0:35:13]} 16. Qd2 {[%clk
0:15:00]} Bxf3 {[%clk 0:32:33]} 17. gxf3 {[%clk 0:15:25]} Ng8 {[%clk 0:31:43]}
0-1

[Event "ODJM A 2022"]
[Site "Willingen GER"]
[Date "2022.06.05"]
[Round "2"]
[White "Schmitt, Daniel"]
[Black "Fock, Amina"]
[Result "1-0"]
[Termination "normal"]
[Board "14"]
[WhiteElo "2128"]
[BlackElo "1790"]
[WhiteClock "00:31:45"]
[BlackClock "00:11:17"]
[PlyCount "47"]
[WhiteFideId "16279018"]
[BlackFideId "12981982"]
[EventCountry "GER"]
[EventRounds "9"]
[EventType "swiss"]
[EventDate "2022.06.04"]

1. e4 {[%clk 1:30:57]} c5 {[%clk 1:30:56]} 2. Nf3 {[%clk 1:31:18]} d6 {[%clk
1:31:19]} 3. Bb5+ {[%clk 1:31:31]} Bd7 {[%clk 1:30:50]} 4. Bxd7+ {[%clk
1:31:53]} Qxd7 {[%clk 1:31:10]} 5. O-O {[%clk 1:32:15]} Nc6 {[%clk 1:30:22]} 6.
c3 {[%clk 1:32:28]} Nf6 {[%clk 1:27:45]} 7. Qe2 {[%clk 1:32:28]} e5 {[%clk
1:20:27]} 8. Rd1 {[%clk 1:26:39]} Qc7 {[%clk 1:19:20]} 9. Na3 {[%clk 1:24:26]}
a6 {[%clk 1:18:34]} 10. d4 {[%clk 1:23:21]} Nd7 {[%clk 1:12:43]} 11. Nc4 {[%clk
1:21:21]} Be7 {[%clk 0:59:44]} 12. Ne3 {[%clk 1:19:02]} b5 {[%clk 0:56:54]} 13.
a4 {[%clk 1:12:11]} b4 {[%clk 0:51:57]} 14. Nd5 {[%clk 1:08:05]} Qb7 {[%clk
0:45:57]} 15. dxe5 {[%clk 1:05:11]} dxe5 {[%clk 0:45:23]} 16. Nd2 {[%clk
1:03:18]} Rd8 {[%clk 0:35:37]} 17. Nc4 {[%clk 1:01:27]} O-O {[%clk 0:27:05]}
18. Be3 {[%clk 0:58:48]} Rfe8 {[%clk 0:23:59]} 19. Qg4 {[%clk 0:54:46]} Bf8
{[%clk 0:21:45]} 20. Bg5 {[%clk 0:50:37]} Rb8 {[%clk 0:18:52]} 21. h4 {[%clk
0:43:41]} Re6 {[%clk 0:14:49]} 22. h5 {[%clk 0:34:24]} h6 {[%clk 0:13:53]} 23.
Bh4 {[%clk 0:33:57]} Na7 {[%clk 0:11:17]} 24. Rd3 {[%clk 0:31:45]} 1-0

[Event "ODJM A 2022"]
[Site "Willingen GER"]
[Date "2022.06.05"]
[Round "2"]
[White "Weigand, Anton"]
[Black "Hofmann, Lorenz"]
[Result "1-0"]
[Termination "normal"]
[Board "15"]
[WhiteElo "1872"]
[BlackElo "2056"]
[WhiteClock "00:16:12"]
[BlackClock "00:39:50"]
[PlyCount "93"]
[WhiteFideId "16221915"]
[BlackFideId "12995509"]
[EventCountry "GER"]
[EventRounds "9"]
[EventType "swiss"]
[EventDate "2022.06.04"]

1. e4 {[%clk 1:30:55]} c6 {[%clk 1:30:58]} 2. Nf3 {[%clk 1:31:17]} d5 {[%clk
1:31:24]} 3. d3 {[%clk 1:31:43]} Bg4 {[%clk 1:29:28]} 4. h3 {[%clk 1:25:16]}
Bh5 {[%clk 1:28:28]} 5. g4 {[%clk 1:25:14]} Bg6 {[%clk 1:28:54]} 6. h4 {[%clk
1:24:42]} dxe4 {[%clk 1:26:36]} 7. h5 {[%clk 1:24:13]} Bxh5 {[%clk 1:25:05]} 8.
Rxh5 {[%clk 1:22:53]} exf3 {[%clk 1:25:29]} 9. g5 {[%clk 1:22:32]} g6 {[%clk
1:22:59]} 10. Rh4 {[%clk 1:19:46]} h5 {[%clk 1:15:39]} 11. Qxf3 {[%clk
1:17:46]} e6 {[%clk 1:13:17]} 12. Nc3 {[%clk 1:17:02]} Ne7 {[%clk 1:00:39]} 13.
Rb4 {[%clk 1:10:05]} Qd7 {[%clk 0:56:04]} 14. Ne4 {[%clk 1:07:51]} Nd5 {[%clk
0:55:14]} 15. Rb3 {[%clk 1:06:36]} Be7 {[%clk 0:53:50]} 16. c4 {[%clk 1:02:54]}
Nb6 {[%clk 0:52:37]} 17. Bf4 {[%clk 0:57:09]} Na6 {[%clk 0:46:22]} 18. Be5
{[%clk 0:50:55]} Rh7 {[%clk 0:45:05]} 19. Nf6+ {[%clk 0:50:01]} Bxf6 {[%clk
0:45:28]} 20. Bxf6 {[%clk 0:50:26]} Nc5 {[%clk 0:42:42]} 21. Rc3 {[%clk
0:47:13]} Qc7 {[%clk 0:41:31]} 22. O-O-O {[%clk 0:43:55]} Ncd7 {[%clk 0:40:52]}
23. Bd4 {[%clk 0:41:07]} O-O-O {[%clk 0:36:58]} 24. b4 {[%clk 0:37:21]} c5
{[%clk 0:31:16]} 25. bxc5 {[%clk 0:36:11]} Nxc5 {[%clk 0:31:31]} 26. Bf6 {[%clk
0:35:01]} Re8 {[%clk 0:30:01]} 27. Bg2 {[%clk 0:31:42]} e5 {[%clk 0:26:35]} 28.
d4 exd4 {[%clk 0:24:11]} 29. Bxd4 {[%clk 0:24:07]} Nba4 {[%clk 0:23:42]} 30.
Rc2 {[%clk 0:20:02]} h4 {[%clk 0:19:12]} 31. Bh3+ {[%clk 0:16:55]} Ne6 {[%clk
0:15:50]} 32. Qa3 {[%clk 0:11:57]} Qc6 {[%clk 0:11:20]} 33. Be5 {[%clk
0:08:51]} Rd8 {[%clk 0:09:13]} 34. Bxe6+ {[%clk 0:06:03]} Qxe6 {[%clk 0:07:26]}
35. Rxd8+ {[%clk 0:06:17]} Kxd8 {[%clk 0:07:55]} 36. Bf6+ {[%clk 0:06:23]} Kc7
{[%clk 0:08:12]} 37. Qxa4 {[%clk 0:06:28]} h3 {[%clk 0:08:15]} 38. Qa5+ {[%clk
0:04:37]} Kc6 {[%clk 0:08:05]} 39. Qb5+ {[%clk 0:04:04]} Kc7 {[%clk 0:08:20]}
40. Qa5+ {[%clk 0:04:05]} Kc6 {[%clk 0:08:44]} 41. Qb5+ {[%clk 0:27:20]} Kc7
{[%clk 0:39:08]} 42. Be5+ {[%clk 0:27:35]} Kc8 {[%clk 0:39:29]} 43. Qc5+ {[%clk
0:18:14]} Kd7 {[%clk 0:38:50]} 44. Rd2+ {[%clk 0:16:49]} Ke8 {[%clk 0:39:14]}
45. Qc7 {[%clk 0:15:53]} Qe7 {[%clk 0:39:24]} 46. Qc8+ {[%clk 0:16:12]} Qd8
{[%clk 0:39:50]} 47. Qxd8# 1-0

[Event "ODJM A 2022"]
[Site "Willingen GER"]
[Date "2022.06.05"]
[Round "2"]
[White "Irkilmez, Yakub"]
[Black "Kruse, Victor"]
[Result "1-0"]
[Termination "normal"]
[Board "16"]
[WhiteElo "2169"]
[BlackElo "1733"]
[WhiteClock "00:39:20"]
[BlackClock "00:27:34"]
[PlyCount "69"]
[WhiteFideId "16204581"]
[BlackFideId "16256964"]
[EventCountry "GER"]
[EventRounds "9"]
[EventType "swiss"]
[EventDate "2022.06.04"]

1. d4 {[%clk 1:30:57]} d5 {[%clk 1:30:49]} 2. Nf3 {[%clk 1:31:15]} Nf6 {[%clk
1:31:12]} 3. g3 {[%clk 1:31:31]} e6 {[%clk 1:31:14]} 4. Bg2 {[%clk 1:31:55]}
Be7 {[%clk 1:31:15]} 5. c4 {[%clk 1:31:27]} O-O {[%clk 1:30:24]} 6. O-O {[%clk
1:31:52]} c6 {[%clk 1:30:50]} 7. Nc3 {[%clk 1:31:08]} b6 {[%clk 1:31:12]} 8. b3
{[%clk 1:27:45]} Ba6 {[%clk 1:30:35]} 9. cxd5 {[%clk 1:25:04]} cxd5 {[%clk
1:28:37]} 10. Bb2 {[%clk 1:25:00]} Nc6 {[%clk 1:26:54]} 11. Rc1 {[%clk
1:25:10]} Rc8 {[%clk 1:25:30]} 12. Re1 {[%clk 1:25:05]} Bb4 {[%clk 1:18:11]}
13. a3 {[%clk 1:22:42]} Bxc3 {[%clk 1:18:13]} 14. Rxc3 {[%clk 1:22:52]} Ne4
{[%clk 1:16:52]} 15. Rc2 {[%clk 1:21:32]} Na5 {[%clk 1:11:46]} 16. Ne5 {[%clk
1:12:50]} Nd6 {[%clk 1:05:11]} 17. a4 {[%clk 0:50:12]} Rxc2 {[%clk 0:48:26]}
18. Qxc2 {[%clk 0:48:04]} Qc8 {[%clk 0:48:35]} 19. Qb1 {[%clk 0:42:45]} b5
{[%clk 0:38:23]} 20. Ba3 {[%clk 0:42:04]} Rd8 {[%clk 0:38:05]} 21. Rc1 {[%clk
0:38:29]} Qb7 {[%clk 0:38:15]} 22. Bb4 {[%clk 0:38:33]} Qb6 {[%clk 0:26:44]}
23. Bxa5 {[%clk 0:38:56]} Qxa5 {[%clk 0:27:34]} 24. Nc6 {[%clk 0:39:20]} Qb6
{[%clk 0:27:34]} 25. a5 {[%clk 0:39:20]} Qc7 {[%clk 0:27:34]} 26. Nxd8 {[%clk
0:39:20]} Qxd8 {[%clk 0:27:34]} 27. Qa1 {[%clk 0:39:20]} Qb8 {[%clk 0:27:34]}
28. Qc3 {[%clk 0:39:20]} b4 {[%clk 0:27:34]} 29. Qc5 {[%clk 0:39:20]} Bxe2
{[%clk 0:27:34]} 30. Qc7 {[%clk 0:39:20]} Qxc7 {[%clk 0:27:34]} 31. Rxc7 {[%clk
0:39:20]} Kf8 {[%clk 0:27:34]} 32. Rxa7 {[%clk 0:39:20]} Ke8 {[%clk 0:27:34]}
33. Bf1 {[%clk 0:39:20]} Bd1 {[%clk 0:27:34]} 34. a6 {[%clk 0:39:20]} Bxb3
{[%clk 0:27:34]} 35. Rb7 {[%clk 0:39:20]} 1-0

[Event "ODJM A 2022"]
[Site "Willingen GER"]
[Date "2022.06.05"]
[Round "2"]
[White "Pick, Max"]
[Black "Terhuven, Patrick"]
[Result "0-1"]
[Termination "normal"]
[Board "17"]
[WhiteElo "1841"]
[BlackElo "2175"]
[WhiteClock "00:07:41"]
[BlackClock "00:02:34"]
[PlyCount "90"]
[WhiteFideId "16210883"]
[BlackFideId "12919098"]
[EventCountry "GER"]
[EventRounds "9"]
[EventType "swiss"]
[EventDate "2022.06.04"]

1. d4 {[%clk 1:30:58]} e6 {[%clk 1:30:52]} 2. Nf3 {[%clk 1:31:12]} Nf6 {[%clk
1:31:05]} 3. Bg5 {[%clk 1:31:18]} d5 {[%clk 1:30:51]} 4. Nbd2 {[%clk 1:31:20]}
Be7 {[%clk 1:30:37]} 5. e3 {[%clk 1:31:36]} O-O {[%clk 1:30:26]} 6. Bd3 {[%clk
1:31:33]} Nbd7 {[%clk 1:30:34]} 7. O-O {[%clk 1:31:32]} c5 {[%clk 1:30:14]} 8.
c3 {[%clk 1:29:08]} b6 {[%clk 1:29:33]} 9. e4 {[%clk 1:27:13]} dxe4 {[%clk
1:24:47]} 10. Nxe4 {[%clk 1:25:46]} cxd4 {[%clk 1:24:25]} 11. Nxd4 {[%clk
1:25:34]} Bb7 {[%clk 1:24:21]} 12. Qc2 {[%clk 1:23:03]} h6 {[%clk 1:23:41]} 13.
Bh4 {[%clk 1:20:37]} Nc5 {[%clk 1:21:12]} 14. Nxc5 {[%clk 1:19:23]} bxc5 {[%clk
1:19:17]} 15. Ne2 {[%clk 1:19:00]} g5 {[%clk 1:13:41]} 16. Bg3 {[%clk 1:17:43]}
Qd5 {[%clk 1:13:09]} 17. f3 {[%clk 1:17:34]} c4 {[%clk 1:12:26]} 18. Be4 {[%clk
1:16:25]} Nxe4 {[%clk 1:12:15]} 19. fxe4 {[%clk 1:16:43]} Qxe4 {[%clk 1:12:04]}
20. Qxe4 {[%clk 1:16:44]} Bxe4 {[%clk 1:12:27]} 21. Nd4 {[%clk 1:16:59]} Bd5
{[%clk 1:07:22]} 22. b4 {[%clk 1:14:55]} a5 {[%clk 0:57:14]} 23. a3 {[%clk
1:09:00]} Kg7 {[%clk 0:39:38]} 24. Bc7 {[%clk 1:07:30]} axb4 {[%clk 0:38:12]}
25. axb4 {[%clk 1:07:14]} Rxa1 {[%clk 0:32:10]} 26. Rxa1 {[%clk 1:07:35]} Ra8
{[%clk 0:31:48]} 27. Rxa8 {[%clk 1:07:26]} Bxa8 {[%clk 0:32:15]} 28. Kf2 {[%clk
1:07:41]} Bd5 {[%clk 0:29:11]} 29. Nc2 {[%clk 1:04:45]} Bf6 {[%clk 0:20:28]}
30. Ne3 {[%clk 0:28:21]} Kf8 {[%clk 0:19:24]} 31. b5 {[%clk 0:26:21]} Ke8
{[%clk 0:19:11]} 32. Ba5 {[%clk 0:20:04]} Be5 {[%clk 0:12:53]} 33. h3 {[%clk
0:17:38]} f5 {[%clk 0:10:56]} 34. g4 {[%clk 0:16:52]} f4 {[%clk 0:10:06]} 35.
Nxd5 {[%clk 0:17:09]} exd5 {[%clk 0:10:28]} 36. b6 {[%clk 0:17:01]} Kd7 {[%clk
0:10:34]} 37. Bb4 {[%clk 0:15:30]} Kc6 {[%clk 0:07:34]} 38. Kf3 {[%clk
0:10:10]} Kxb6 {[%clk 0:06:40]} 39. Bf8 {[%clk 0:10:04]} Bxc3 {[%clk 0:06:19]}
40. Bxh6 {[%clk 0:09:55]} Bf6 {[%clk 0:05:43]} 41. h4 {[%clk 0:06:57]} c3
{[%clk 0:02:56]} 42. hxg5 {[%clk 0:06:49]} c2 {[%clk 0:01:45]} 43. gxf6 {[%clk
0:07:08]} c1=Q {[%clk 0:02:05]} 44. f7 {[%clk 0:07:16]} Qe3+ {[%clk 0:02:12]}
45. Kg2 {[%clk 0:07:41]} f3+ {[%clk 0:02:34]} 0-1

[Event "ODJM A 2022"]
[Site "Willingen GER"]
[Date "2022.06.05"]
[Round "2"]
[White "Sabirov, Ramil"]
[Black "Kamp, Aaron"]
[Result "1-0"]
[Termination "normal"]
[Board "18"]
[WhiteElo "2124"]
[BlackElo "1790"]
[WhiteClock "00:16:21"]
[BlackClock "00:19:11"]
[PlyCount "115"]
[WhiteFideId "12900303"]
[BlackFideId "16231120"]
[EventCountry "GER"]
[EventRounds "9"]
[EventType "swiss"]
[EventDate "2022.06.04"]

1. d4 {[%clk 1:30:56]} b5 {[%clk 1:29:43]} 2. e4 {[%clk 1:25:35]} Bb7 {[%clk
1:30:05]} 3. Bxb5 {[%clk 1:22:34]} Bxe4 {[%clk 1:30:26]} 4. Nf3 {[%clk
1:22:27]} Nf6 {[%clk 1:29:46]} 5. O-O {[%clk 1:20:35]} e6 {[%clk 1:29:16]} 6.
c4 {[%clk 1:10:07]} Be7 {[%clk 1:22:14]} 7. Nc3 {[%clk 1:09:08]} c6 {[%clk
1:20:19]} 8. Ba4 {[%clk 1:00:54]} O-O {[%clk 1:17:59]} 9. Bf4 {[%clk 0:50:21]}
Qa5 {[%clk 1:05:04]} 10. Ne5 {[%clk 0:44:36]} d6 {[%clk 1:00:20]} 11. Nxe4
{[%clk 0:39:56]} dxe5 {[%clk 0:59:26]} 12. Nxf6+ {[%clk 0:39:40]} Bxf6 {[%clk
0:59:01]} 13. dxe5 {[%clk 0:38:19]} Bxe5 {[%clk 0:56:18]} 14. b4 {[%clk
0:35:33]} Qc7 {[%clk 0:56:26]} 15. Bxe5 {[%clk 0:35:42]} Qxe5 {[%clk 0:56:47]}
16. Qf3 {[%clk 0:22:37]} Qc7 {[%clk 0:43:54]} 17. Rfd1 {[%clk 0:20:28]} Rc8
{[%clk 0:42:39]} 18. c5 {[%clk 0:11:41]} Nd7 {[%clk 0:33:48]} 19. Rd6 {[%clk
0:07:30]} Rab8 {[%clk 0:26:33]} 20. Qd1 {[%clk 0:04:12]} Nf6 {[%clk 0:20:24]}
21. Rxc6 {[%clk 0:04:28]} Qf4 {[%clk 0:19:37]} 22. Rxc8+ {[%clk 0:04:27]} Rxc8
{[%clk 0:19:52]} 23. a3 {[%clk 0:01:58]} Ng4 {[%clk 0:19:49]} 24. Ra2 {[%clk
0:00:45]} Qxh2+ {[%clk 0:19:40]} 25. Kf1 {[%clk 0:01:12]} Qh1+ {[%clk 0:19:40]}
26. Ke2 {[%clk 0:01:39]} Qxg2 {[%clk 0:19:56]} 27. Qd4 {[%clk 0:00:52]} e5
{[%clk 0:19:10]} 28. Qd7 {[%clk 0:01:20]} Qxf2+ {[%clk 0:18:45]} 29. Kd3 {[%clk
0:00:59]} e4+ {[%clk 0:16:47]} 30. Kc3 {[%clk 0:01:26]} Qf6+ {[%clk 0:13:24]}
31. Qd4 {[%clk 0:00:39]} Qf3+ {[%clk 0:09:23]} 32. Kc4 {[%clk 0:00:51]} Ne5+
{[%clk 0:08:19]} 33. Kb5 {[%clk 0:01:12]} Qf1+ {[%clk 0:04:00]} 34. Ka5 {[%clk
0:01:22]} Nc4+ {[%clk 0:04:01]} 35. Ka6 {[%clk 0:01:16]} Nxa3+ {[%clk 0:02:18]}
36. Kb7 {[%clk 0:01:25]} Qh3 {[%clk 0:00:45]} 37. Bd7 {[%clk 0:01:29]} Rd8
{[%clk 0:00:51]} 38. Bxh3 {[%clk 0:00:56]} Rxd4 {[%clk 0:01:12]} 39. Rxa3
{[%clk 0:01:20]} Rxb4+ {[%clk 0:01:17]} 40. Kxa7 {[%clk 0:00:42]} Rc4 {[%clk
0:01:00]} 41. Kb6 {[%clk 0:00:43]} g5 {[%clk 0:27:24]} 42. c6 {[%clk 0:28:36]}
h5 {[%clk 0:27:09]} 43. Bf5 {[%clk 0:28:56]} Kg7 {[%clk 0:26:45]} 44. c7 {[%clk
0:23:47]} Kf6 {[%clk 0:26:07]} 45. Ra5 {[%clk 0:19:48]} e3 {[%clk 0:23:53]} 46.
c8=Q {[%clk 0:20:02]} Rxc8 {[%clk 0:23:59]} 47. Bxc8 {[%clk 0:20:29]} e2 {[%clk
0:22:40]} 48. Rf5+ {[%clk 0:20:55]} Kg6 {[%clk 0:22:28]} 49. Re5 {[%clk
0:21:21]} g4 {[%clk 0:22:19]} 50. Kc5 {[%clk 0:20:15]} g3 {[%clk 0:22:20]} 51.
Bh3 {[%clk 0:20:36]} f5 {[%clk 0:22:07]} 52. Rxe2 {[%clk 0:18:45]} Kg5 {[%clk
0:20:47]} 53. Kd4 {[%clk 0:17:46]} f4 {[%clk 0:20:26]} 54. Ke4 {[%clk 0:17:33]}
Kh4 {[%clk 0:20:38]} 55. Bg2 {[%clk 0:17:53]} Kg4 {[%clk 0:19:19]} 56. Ra2
{[%clk 0:16:10]} h4 {[%clk 0:19:21]} 57. Ra8 {[%clk 0:15:57]} f3 {[%clk
0:19:11]} 58. Rg8+ {[%clk 0:16:21]} 1-0

[Event "ODJM A 2022"]
[Site "Willingen GER"]
[Date "2022.06.05"]
[Round "2"]
[White "Kliashtornyi, Arkadii"]
[Black "Savchenko, Daniel"]
[Result "0-1"]
[Termination "normal"]
[Board "19"]
[WhiteElo "1755"]
[BlackElo "2134"]
[WhiteClock "00:01:32"]
[BlackClock "00:06:25"]
[PlyCount "82"]
[WhiteFideId "34119698"]
[BlackFideId "12919195"]
[EventCountry "GER"]
[EventRounds "9"]
[EventType "swiss"]
[EventDate "2022.06.04"]

1. d4 {[%clk 1:30:58]} d5 {[%clk 1:30:52]} 2. Nf3 {[%clk 1:31:24]} Nf6 {[%clk
1:31:10]} 3. g3 {[%clk 1:31:46]} e6 {[%clk 1:31:30]} 4. Bg2 {[%clk 1:32:07]}
Be7 {[%clk 1:31:49]} 5. c4 {[%clk 1:32:13]} c6 {[%clk 1:32:04]} 6. O-O {[%clk
1:32:36]} O-O {[%clk 1:32:25]} 7. Qc2 {[%clk 1:32:56]} b6 {[%clk 1:32:40]} 8.
Nbd2 {[%clk 1:33:20]} Nbd7 {[%clk 1:32:24]} 9. e4 {[%clk 1:33:36]} Ba6 {[%clk
1:31:38]} 10. e5 {[%clk 1:28:41]} Ne8 {[%clk 1:31:49]} 11. Re1 {[%clk 1:25:34]}
Rc8 {[%clk 1:27:21]} 12. cxd5 {[%clk 1:19:55]} cxd5 {[%clk 1:26:30]} 13. Qb1
{[%clk 1:18:08]} Nb8 {[%clk 1:24:14]} 14. Nf1 {[%clk 1:16:29]} Nc6 {[%clk
1:23:56]} 15. a3 {[%clk 1:15:36]} Na5 {[%clk 1:19:19]} 16. b4 {[%clk 1:11:35]}
Nc4 {[%clk 1:18:27]} 17. b5 {[%clk 1:05:20]} Bb7 {[%clk 1:18:50]} 18. Ne3
{[%clk 1:05:11]} a6 {[%clk 1:11:54]} 19. a4 {[%clk 1:02:07]} axb5 {[%clk
1:09:12]} 20. axb5 {[%clk 1:02:29]} Ra8 {[%clk 1:09:07]} 21. Rxa8 {[%clk
0:53:41]} Qxa8 {[%clk 1:07:16]} 22. Bf1 {[%clk 0:33:48]} Qa4 {[%clk 0:53:44]}
23. Bd3 {[%clk 0:31:47]} g6 {[%clk 0:47:35]} 24. h4 {[%clk 0:28:53]} h5 {[%clk
0:32:38]} 25. g4 {[%clk 0:16:26]} Nxe3 {[%clk 0:29:40]} 26. Bxe3 {[%clk
0:16:54]} hxg4 {[%clk 0:28:49]} 27. Ng5 {[%clk 0:15:05]} Ng7 {[%clk 0:22:06]}
28. Bxg6 {[%clk 0:12:43]} fxg6 {[%clk 0:20:18]} 29. Qxg6 {[%clk 0:13:11]} Bxg5
{[%clk 0:20:14]} 30. Bxg5 {[%clk 0:12:44]} g3 {[%clk 0:14:43]} 31. Bf6 {[%clk
0:11:07]} gxf2+ {[%clk 0:14:03]} 32. Kh2 {[%clk 0:11:22]} Rf7 {[%clk 0:14:22]}
33. Bxg7 {[%clk 0:10:17]} f1=N+ {[%clk 0:10:51]} 34. Kh1 {[%clk 0:06:37]} Ng3+
{[%clk 0:11:02]} 35. Qxg3 {[%clk 0:04:27]} Rxg7 {[%clk 0:11:19]} 36. Qh3 {[%clk
0:04:48]} Bc8 {[%clk 0:06:19]} 37. h5 {[%clk 0:03:42]} Qxd4 {[%clk 0:06:17]}
38. h6 {[%clk 0:02:54]} Rg4 {[%clk 0:06:13]} 39. h7+ {[%clk 0:02:26]} Kh8
{[%clk 0:06:36]} 40. Rf1 {[%clk 0:01:42]} Rh4 {[%clk 0:06:04]} 41. Rf8+ {[%clk
0:01:32]} Kxh7 {[%clk 0:06:25]} 0-1